书目信息 |
| 题名: |
混凝土扩盘桩桩周土破坏机理及单桩竖向承载力研究
|
|
| 作者: | 钱永梅 著 | |
| 分册: | ||
| 出版信息: | 北京 中国建筑工业出版社 2018.11 |
|
| 页数: | 406页 | |
| 开本: | 20cm | |
| 丛书名: | ||
| 单 册: | ||
| 中图分类: | TU473.1 | |
| 科图分类: | ||
| 主题词: | 地基--基础(工程) | |
| 电子资源: | ||
| ISBN: | 978-7-112-22906-2 | |
| 000 | 00671nam0 2200193 45 | |
| 001 | 1940456846 | |
| 005 | 20190307111616.72 | |
| 010 | @a978-7-112-22906-2@dRMB 96.00 | |
| 100 | @a20190307d2018 km y0chiy0120 ea | |
| 101 | 0 | @achi |
| 102 | @aCN@b110000 | |
| 200 | 1 | @a混凝土扩盘桩桩周土破坏机理及单桩竖向承载力研究@Ahun ning tu kuo pan zhuang zhuang zhou tu po huai ji li ji dan zhuang shu xiang cheng zai li yan jiu@f钱永梅著@Fqian yong mei zhu |
| 210 | @a北京@c中国建筑工业出版社@d2018.11 | |
| 215 | @a406页@d20cm | |
| 606 | 0 | @a地基@x基础(工程) |
| 690 | @aTU473.1@v4 | |
| 701 | 0 | @a钱永梅@Aqian yong mei@4著 |
| 801 | 0 | @aCN@bPFT@c20190307 |
| 905 | @a10447@dTU473.1@eQ264 | |
| 混凝土扩盘桩桩周土破坏机理及单桩竖向承载力研究/钱永梅著.-北京:中国建筑工业出版社,2018.11 |
| 406页;20cm |
| ISBN 978-7-112-22906-2:RMB 96.00 |
| ● |
| 相关链接 |
|
|
|
正题名:混凝土扩盘桩桩周土破坏机理及单桩竖向承载
索取号:TU473.1/Q264
 
预约/预借
| 序号 | 登录号 | 条形码 | 馆藏地/架位号 | 状态 | 备注 |
| 1 | 1302001 | 213020014 | 建筑库101/101建筑库 98排3列1层/ [索取号:TU473.1/Q264] | 在馆 |